000 00406pab a2200169 454500
008 180718b1979 xxu||||| |||| 00| 0 eng d
100 _aMukherjee, R.N.
245 _aUrbanization: The Indian context
260 _c1979
300 _ap.11-23.
362 _aJul-Sep
650 _aUrbanization - India - West Bengal
650 _aUrbanization
773 _aNagarlok
908 _aN
909 _a102140
999 _c102138
_d102138